Riconosci il Pokémon - Quiz n°474 - Statistics

Statistiche generali
  • Questo quiz è stato fatto 0 volte
  • Il punteggio medio è 0 su 10
Statistiche sulle risposte
Indizio Risposta % Corretto
Altezza 1,4 m
0%
Tasso di cattura 45 (11.9%)
0%
Sesso 50% ♂, 50% ♀
0%
Peso 71,2 kg
0%
Stadio evoluzione Forma Base
0%
Tasso di allevamento Lento
0%
Tipo Normale
0%
Abilità Prepotenza; Indagine, Mangiaerba
0%
Generazione Seconda
0%
Pokémon Stantler
0%
Nessun quiz corrispondente trovato
Distribuzione punteggi
Percentuale di utenti per punteggio
Percentile per numero di risposta
I tuoi punteggi nel tempo
Non hai fatto questo quiz